Tiếp thị du lịch

Salvato in:
Dettagli Bibliografici
Autore principale: Coltman, Michael M
Natura: Libro
Lingua:Undetermined
Pubblicazione: 1991
Soggetti:
Tags: Aggiungi Tag
Nessun Tag, puoi essere il primo ad aggiungerne! !
Thư viện lưu trữ: Trung tâm Học liệu Trường Đại học Cần Thơ
LEADER 00392nam a2200145Ia 4500
001 CTU_23920
008 210402s9999 xx 000 0 und d
082 |a 658.8 
082 |b C724 
100 |a Coltman, Michael M 
245 0 |a Tiếp thị du lịch 
245 0 |c Michael M Coltman 
260 |c 1991 
650 |a Marketing,Tourism 
980 |a Trung tâm Học liệu Trường Đại học Cần Thơ